Von der "Unternehmensethik" zur "Unternehmensästhetik". Einige Konsequenzen der kunstsoziologischen Fragestellung Max Webers.
Ekonomicko-estetická dimenzia v ekonomickom správaní sa medzi kultúrami. Pojem "krásna" ako východisko k porozumeniu iných ekonomických kultúr. Religiózna etika a estetika v kontexte ekonomických otázok. Model interkultúrneho ekonomického správania sa. Rekonštrukcia postojov M. Webera v sociológii u...
Guardado en:
| Autor principal: | |
|---|---|
| Formato: | Capítulo de libro |
| Lenguaje: | alemán |
| Materias: | |
| Etiquetas: |
Sin Etiquetas, Sea el primero en etiquetar este registro!
|
MARC
| LEADER | 00000naa a2200000 4500 | ||
|---|---|---|---|
| 001 | r009270 | ||
| 005 | 20221208123412.6 | ||
| 041 | 0 | |a ger | |
| 044 | |a DE | ||
| 245 | 1 | 0 | |a Von der "Unternehmensethik" zur "Unternehmensästhetik". |b Einige Konsequenzen der kunstsoziologischen Fragestellung Max Webers. |c W. Gephart |
| 520 | |a Ekonomicko-estetická dimenzia v ekonomickom správaní sa medzi kultúrami. Pojem "krásna" ako východisko k porozumeniu iných ekonomických kultúr. Religiózna etika a estetika v kontexte ekonomických otázok. Model interkultúrneho ekonomického správania sa. Rekonštrukcia postojov M. Webera v sociológii umenia. Neracionalita sféry estetiky a rozdiely západnej a ázijskej estetiky. Konzekvencie pre interkultúrnu komunikáciu v ekonomickom konaní. | ||
| 610 | 2 | 0 | |a etika |
| 610 | 2 | 0 | |a estetika |
| 610 | 2 | 0 | |a podnik |
| 610 | 2 | 0 | |a správanie |
| 610 | 2 | 0 | |a ekonómia |
| 610 | 2 | 0 | |a sociológia |
| 610 | 2 | 0 | |a kultúra |
| 610 | 2 | 0 | |a Weber, M. |
| 100 | 1 | |a Gephart, W. | |